Štruktúra štatistického systému 4 využitie systému katalógov

Bibliographic Details
Format: Book
Language:Slovak
Published: Bratislava Výskumné výpočtové stredisko 1980
Subjects:

MARC

LEADER 00000nam a2200000 a 4500
001 vtls010624975
003 SK-MaSNL
005 20260302083633.0
008 180815s1980 xo f 000 0 slo
015 |a SNBA1980 
040 |a SNK  |b slo  |c SNK  |e AACR2 
041 0 |a slo 
044 |a xo  |c SK 
080 |a 311  |2 2001 
080 |a 007+004  |2 2001 
080 |a (047.31)  |2 2001 
245 0 0 |a Štruktúra štatistického systému 4  |b využitie systému katalógov 
260 |a Bratislava  |b Výskumné výpočtové stredisko  |c 1980 
650 0 7 |a štatistika  |2 SNKPH  |9 778 
650 0 7 |a informačné systémy  |2 SNKPH  |9 1128 
655 7 |a výskumné správy  |2 SNKPH  |9 70491 
958 |a OND 
958 |a RM 
999 |c 1184587  |d 1186517 
952 |a SNK  |b SNK  |y PREZ  |7 0  |p 17A0968292  |o snkSB 26291/4  |i snkKSP 7182/81  |0 0  |1 0  |4 0  |d 2014-09-30  |l 0  |r 2025-03-31 00:00:00  |w 2026-02-24